000 00516nam a2200097Ia 4500
008 170517s9999 xx 000 0 und d
245 _aSuper Size Me
300 _aMorgan Spurlock, the director of Super Size Me, came up with a great hook for his debut as a documentary filmmaker. His experiment, to eat nothing but three McDonalds meals a day every day for 30 consecutive days, provides an entertaining and occasionally disturbing...
650 _xTechnology.
856 _uhttp://topdocumentaryfilms.com/super-size-me/
999 _c335087
_d335087